Only Countries that defeated Uruguay in FIFA - Statistics

General Stats
  • This quiz has been taken 20 times
  • The average score is 11 of 16
Answer Stats
Times Defeated Country % Correct
1 Brazil
94%
3 Germany
94%
1 Argentina
89%
1 France
83%
1 Portugal
83%
2 Netherlands
78%
1 Colombia
72%
1 Italy
72%
1 Soviet Union
72%
1 Hungary
61%
2 Sweden
56%
1 Yugoslavia
56%
1 Austria
50%
1 Belgium
50%
2 Denmark
44%
1 Costa Rica
39%
No matching quizzes found
Score Distribution
Percent of People with Each Score
Percentile by Number Answered
Your Score History
You have not taken this quiz